000
00221nam a22000857a 4500
008
160706b xxu||||| |||| 00| 0 eng d
100
_9
2336
_a
Akhmetov, N
245
_a
General & Inorganic Chemistry
260
_a
Mosco
_b
Mir
_c
1987
999
_c
2013
_d
2013